Trabajadoras de maquila: ¿nuevo perfil de mujer? /

Saved in:
Bibliographic Details
Main Author: Cid, Nelly de
Other Authors: Castro, Carla, Rodríguez, Yadira
Format: Text
Tags: Add Tag
No Tags, Be the first to tag this record!

MARC

LEADER 00000 a a2200000 04500
001 7104
003
040
100 |a Cid, Nelly de  
245 |a Trabajadoras de maquila:   |b ¿nuevo perfil de mujer? /  |c Nelly de Cid ; Carla Castro ; Yadira Rodríguez 
700 |a Castro, Carla  
700 |a Rodríguez, Yadira  
773 |g volumen 18, número 210; páginas 35-41  
999 |c 34330  |d 34330